00685cam a22002177a 4500003000500000005001700005008004100022010001000063011001000073035001000083040000900093082001500102100002100117245012600138260007900264300001400343490002400357650003500381700002700416830002400443CHAP20220329135648.0971013s1955 r 00010 d a40126 a41098 a45224 cCHAP a332.71bF500aFlon, Manuel de.13aEl crédito agrícola en el partido de Cholula de la intendencia de Puebla en 1970. Advertencia de Luis Chávez Orozco aMéxico, D.F. :bBanco Nacional de Crédito Agrícola y Ganadero,c1955 aXI, 22 p. 0aPublicacionesv; 1014aCrédito AgrícolaxCholula.0 aChávez Orozco, Luis.0 aPublicacionesv; 10